Syair Sultan Abdul Muluk : (Record no. 4007)

000 -LEADER
fixed length control field nam a22 a 4500
003 - CONTROL NUMBER IDENTIFIER
control field AKMAL
005 - DATE AND TIME OF LATEST TRANSACTION
control field 20170524154351.0
008 - FIXED-LENGTH DATA ELEMENTS--GENERAL INFORMATION
fixed length control field 170524t2006 my | e | f000 p may d
020 ## - INTERNATIONAL STANDARD BOOK NUMBER
International Standard Book Number 9789679312034
020 ## - INTERNATIONAL STANDARD BOOK NUMBER
International Standard Book Number 9789679311976 (kkt.)
020 ## - INTERNATIONAL STANDARD BOOK NUMBER
International Standard Book Number 967931197X (kkt.)
040 ## - CATALOGING SOURCE
Original cataloging agency AKMAL
Transcribing agency AKMAL
082 04 - DEWEY DECIMAL CLASSIFICATION NUMBER
Classification number 899.2313 SYA
Edition number 23
090 ## - LOCALLY ASSIGNED LC-TYPE CALL NUMBER (OCLC); LOCAL CALL NUMBER (RLIN)
Classification number (OCLC) (R) ; Classification number, CALL (RLIN) (NR) 899.2313
Local cutter number (OCLC) ; Book number/undivided call number, CALL (RLIN) SYA
245 00 - TITLE STATEMENT
Title Syair Sultan Abdul Muluk :
Remainder of title transliterasi dari manuskrip Melayu lama
260 ## - PUBLICATION, DISTRIBUTION, ETC.
Place of publication, distribution, etc. Kuala Lumpur :
Name of publisher, distributor, etc. Perpustakaan Negara Malaysia,
Date of publication, distribution, etc. 2006
300 ## - PHYSICAL DESCRIPTION
Extent 162ms. ;
Dimensions 23cm.
500 ## - GENERAL NOTE
General note Mengandungi contoh teks manuskrip asal syair Sultan Abdul Muluk mss 450
650 14 - SUBJECT ADDED ENTRY--TOPICAL TERM
Topical term or geographic name entry element Syair
9 (RLIN) 7748
650 20 - SUBJECT ADDED ENTRY--TOPICAL TERM
Topical term or geographic name entry element Malay poetry
9 (RLIN) 7739
650 20 - SUBJECT ADDED ENTRY--TOPICAL TERM
Topical term or geographic name entry element Manuscripts, Malay
9 (RLIN) 848
710 2# - ADDED ENTRY--CORPORATE NAME
Corporate name or jurisdiction name as entry element Perpustakaan Negara Malaysia
9 (RLIN) 743
942 ## - ADDED ENTRY ELEMENTS (KOHA)
Source of classification or shelving scheme
Koha item type Book
Holdings
Withdrawn status Lost status Source of classification or shelving scheme Damaged status Not for loan Collection code Home library Current library Shelving location Date acquired Inventory number Total Checkouts Full call number Barcode Date last seen Price effective from Koha item type
          FICTION AKMAL Melaka AKMAL Melaka PINJAMAN 24.05.2017 800586   899.2313 SYA 201705106 24.05.2017 24.05.2017 Book
Pusat Sumber Maklumat Dato' Haji Sarmin Md Hussin, Akademi Kastam Diraja Malaysia, Melaka
Tel: 06-2331106 | Faks: 06-2313787